| 000 | 00801cab a2200229 4500 | ||
|---|---|---|---|
| 001 | ABS52366 | ||
| 008 | 090401t1995 xxu||||| |||| 00| 0 eng d | ||
| 035 | _a(Sirsi) u74885 | ||
| 041 | _aeng | ||
| 100 | _aSmith, R.J. | ||
| 245 | _aRisk identification and allocation : saving money by improving contracts and contracting practices | ||
| 260 | _c1995 | ||
| 350 | _a0 | ||
| 490 |
_aInternational Construction Law Review _v12(1) January 1995, 40-71(16) |
||
| 520 | _aAnalysis of the concept that the way that risks are allocated among the parties to the construction process has a direct bearing on total project costs. | ||
| 650 | _aCONSTRUCTION COSTS | ||
| 650 | _aRISK ALLOCATION | ||
| 650 | _aRISK MANAGEMENT | ||
| 690 |
_aProject management _96261 |
||
| 942 | _n0 | ||
| 948 | _c04/03/1997 | ||
| 999 |
_c47180 _d47180 |
||